Obálka Náhled e-knihy:
PDF Epub
Pro půjčování e-knih musíte být přihlášeni.
Jak si půjčit online?

Hladná duša /

Heňa je normálna stredoškoláčka, ktorá rieši bežné problémy šestnásťročných dievčat – školu, chalanov a... svoju váhu. Keď ju prijmú do známej tanečnej skupiny, medzi štíhlymi dievčatami si razom pripadá nepríťažlivá. Aby zapadla, snaží sa pár kíl schudnúť. Jej zmenu si všimne i okolie, začne randiť...

Celý popis

Uloženo v:
Hlavní autor: Feriancová, Paulína (Autor)
Médium: E-kniha
Jazyk:Czech
Vydáno: Praha : Albatros Media Slovakia s.r.o., 2025
Tagy:
Žádné tagy
LEADER 01552nam a22002297i 4500
001 312968
007 ta
008 260601s2025 xr ||||| |||| 00| 0 cze d
020 |a 9788056645598 
044 |a xr 
100 1 |a  Feriancová, Paulína  |4 aut 
245 1 0 |a Hladná duša /  |c  Feriancová, Paulína 
264 1 |a Praha :  |b Albatros Media Slovakia s.r.o.,  |c 2025 
300 |a 1 online zdroj (400 stran) 
336 |a text  |b txt  |2 rdacontent 
337 |a bez média  |b n  |2 rdamedia 
338 |a online zdroj  |b cr  |2 rdacarrier 
520 2 |a Heňa je normálna stredoškoláčka, ktorá rieši bežné problémy šestnásťročných dievčat – školu, chalanov a... svoju váhu. Keď ju prijmú do známej tanečnej skupiny, medzi štíhlymi dievčatami si razom pripadá nepríťažlivá. Aby zapadla, snaží sa pár kíl schudnúť. Jej zmenu si všimne i okolie, začne randiť s obľúbeným chalanom z triedy a svoju váhu si preto chce udržať. Rozdiel medzi skutočnosťou a tým, ako sa vidí v zrkadle, je však stále väčší a z krátkodobého cieľa sa môže jednoducho stať vážny problém. 
910 |a RBIT002 
998 |d 426910  |a https://core.palmknihy.cz/api/books/426910/cover?tesghj  |b https://core.palmknihy.cz/api/books/426910/cover/400?tesghj  |c https://core.palmknihy.cz/api/books/426910/cover/50?tesghj  |e 2036-12-31  |g 400  |i 9788056645598  |j https://core.palmknihy.cz/api/books/426910/preview.epub  |k https://core.palmknihy.cz/api/books/426910/preview.pdf  |l   |q 49  |r 1  |s https://www.palmknihy.cz/kniha/426910  |t ebook  |y 2025  |z 1 
999 |d 312966